Normal view
MARC view
Entry Topical Term
001 - CONTROL NUMBER
- control field: 10786
003 - CONTROL NUMBER IDENTIFIER
- control field: TZ-ArACH
005 - DATE AND TIME OF LATEST TRANSACTION
- control field: 20130522135023.0
008 - FIXED-LENGTH DATA ELEMENTS
- fixed length control field: 130522|||a|||||| | ||| d
040 ## - CATALOGING SOURCE
- Original cataloging agency: TZ-ArACH
- Transcribing agency: TZ-ArACH
150 ## - HEADING--TOPICAL TERM
- Topical term or geographic name as entry element: Prisons
- Geographic subdivision: France.
670 ## - SOURCE DATA FOUND
- Source citation: Work cat.: (TZ-ArACH)2382: Contrôleur général des lieux de privation de liberté : Rapport d'activité 2009 / Rapport d'activité 2009 /, c2010.
670 ## - SOURCE DATA FOUND
- Source citation: Work cat.: (TZ-ArACH)2382: Contrôleur général des lieux de privation de liberté : Rapport d'activité 2009 / Rapport d'activité 2009 /, c2010.
